| 000 | 01242nam a22002415a 4500 | ||
|---|---|---|---|
| 003 | OSt | ||
| 005 | 20170405105010.0 | ||
| 008 | 170404s2007 ua frb 000 0 ara d | ||
| 015 | _a2006 / 5169 | ||
| 020 | _a9770449393 | ||
| 040 |
_aEG-ScBUE _bara _cEG-ScBUE |
||
| 082 | 0 | 4 |
_a344.046 _bع ب د _222 |
| 100 | 1 | _aعبد الحافظ، معمر رتيب محمد. | |
| 245 | 1 | 2 |
_aالمسئولية الدولية عن نقل وتخزين النفايات الخطرة : _bالنفايات الخطرة بين مطرقة الفساد وسندان العولمة : دراسة تحليلية في إطار القانون الدولي للبيئة : خطوة للأمام للتصدي لإمبريالية النفايات الخطرة وإنصافا للأجيال المقبلة / _cمعمر رتيب محمد عبد الحافظ. |
| 260 |
_aالقاهرة : _bدار النهضة العربية، _c2007. |
||
| 300 |
_a606 ص. ؛ _c24 سم. |
||
| 504 | _aيشتمل على إرجاعات ببليوجرافية. | ||
| 650 | 7 |
_2BUEsh _aالنفايات الخطرة _xنقل _xقوانين وتشريعات. |
|
| 650 | 7 |
_2BUEsh _aحماية البيئة (قانون دولي) |
|
| 651 | _2BUEsh | ||
| 653 |
_bLLAAWW _cApril2017 |
||
| 942 | _2ddc | ||
| 999 |
_c24613 _d24585 |
||